000 00940nam a22002657a 4500
005 20110318103515.0
008 110318t xxu||||| |||| 00| 0 eng d
010 _aENG-102169
020 _a9788125942344
_c275.00
035 _aEN-85702
037 _bDBAD/PUB
040 _adpl
_bEng
082 _a510
100 1 _926630
245 1 0 _aMathematics II /
_cby K.A. Lakshminarayanan...[et al]
260 _aNoida
_bVikas Publishing House
_c2011
270 _aE-28, Sector-8
_bNoida
_e201301
300 _axi, 458 p.
_c24cm (pbk)
490 _aVikas-students' series
_927300
650 0 _926631
700 _926636
_aLakshminarayanan, K.A.
942 _2ddc
_cEN
_mMAT
_h510
999 _c51146
_d51146